Statistik permulaan

Bibliographic Details
Main Author: Othman bin Zainal
Format: Book
Published: Kuala Lumpur : DBP , 1979
Subjects:

MARC

LEADER 00000cam a2200000 7i4500
001 0000014371
005 20050422.0
040 |a INS 
090 0 0 |a QA276.12   |b O12 1979 
100 1 |a Othman bin Zainal 
245 1 0 |a Statistik permulaan   |c Othman bin Zainal 
260 |a Kuala Lumpur :   |b DBP ,   |c 1979 
300 |a vi :   |b 250p ;   |c 24cm. 
650 0 0 |a Statistics 
999 |a 0000014524   |b BOOK   |c Open Shelf   |e Default branch 
999 |a 0000024805   |b BOOK   |c Open Shelf   |e Default branch